The evolution of parliament in Ghana / (Record no. 457)
[ view plain ]
| 000 -LEADER | |
|---|---|
| fixed length control field | 00948cam a2200289 a 4500 |
| 001 - CONTROL NUMBER | |
| control field | 12222059 |
| 005 - DATE AND TIME OF LATEST TRANSACTION | |
| control field | 20230605145307.0 |
| 008 - FIXED-LENGTH DATA ELEMENTS--GENERAL INFORMATION | |
| fixed length control field | 000825s1999 gh a 000 0 eng |
| 010 ## - LIBRARY OF CONGRESS CONTROL NUMBER | |
| LC control number | 00284073 |
| 020 ## - INTERNATIONAL STANDARD BOOK NUMBER | |
| International Standard Book Number | 9988584385 |
| 035 ## - SYSTEM CONTROL NUMBER | |
| System control number | (DLC) 00284073 |
| 040 ## - CATALOGING SOURCE | |
| Original cataloging agency | DLC |
| Transcribing agency | DLC |
| Modifying agency | DLC |
| 042 ## - AUTHENTICATION CODE | |
| Authentication code | lcode |
| 043 ## - GEOGRAPHIC AREA CODE | |
| Geographic area code | f-gh--- |
| 050 00 - LIBRARY OF CONGRESS CALL NUMBER | |
| Classification number | JQ3033 |
| Item number | .A94 1999 |
| 082 00 - DEWEY DECIMAL CLASSIFICATION NUMBER | |
| Classification number | 328.667 |
| Item number | AYE |
| 100 1# - MAIN ENTRY--PERSONAL NAME | |
| Personal name | Ayensu, K. B., |
| Dates associated with a name | 1921-1997. |
| 245 14 - TITLE STATEMENT | |
| Title | The evolution of parliament in Ghana / |
| Statement of responsibility, etc. | K.B. Ayensu and S.N. Darkwa. |
| 260 ## - PUBLICATION, DISTRIBUTION, ETC. (IMPRINT) | |
| Place of publication, distribution, etc. | Christiansborg, Accra, Ghana : |
| Name of publisher, distributor, etc. | Institute of Economic Affairs, |
| Date of publication, distribution, etc. | 1999. |
| 300 ## - PHYSICAL DESCRIPTION | |
| Extent | xv, 184 p. : |
| Other physical details | ill. (some col.) ; |
| Dimensions | 23 cm. |
| 500 ## - GENERAL NOTE | |
| General note | Errata slip inserted. |
| 610 10 - SUBJECT ADDED ENTRY--CORPORATE NAME | |
| Corporate name or jurisdiction name as entry element | Ghana. |
| Subordinate unit | Parliament |
| General subdivision | History. |
| 700 1# - ADDED ENTRY--PERSONAL NAME | |
| Personal name | Darkwa, S. N. |
| Fuller form of name | (Samuel Ntim), |
| Dates associated with a name | 1935- |
| 906 ## - LOCAL DATA ELEMENT F, LDF (RLIN) | |
| a | 7 |
| b | cbc |
| c | origode |
| d | 3 |
| e | ncip |
| f | 20 |
| g | y-gencatlg |
| 942 ## - ADDED ENTRY ELEMENTS (KOHA) | |
| Source of classification or shelving scheme | Dewey Decimal Classification |
| Koha item type | Books |
| Withdrawn status | Lost status | Source of classification or shelving scheme | Damaged status | Not for loan | Home library | Current library | Date acquired | Total Checkouts | Full call number | Barcode | Date last seen | Price effective from | Koha item type |
|---|---|---|---|---|---|---|---|---|---|---|---|---|---|
| Dewey Decimal Classification | Bunge Tower Library | Bunge Tower Library | 06/05/2023 | 328.667 AYE | 1000535 | 06/05/2023 | 06/05/2023 | Books |
